1631 1868 1617 1486 1882 1301 1621 1483 1099 1312 1186 1618 1813 1479 1165 1269 1123 1576 1510 1053 1451 1917 1315 1310 1521 1076 1001 1314 1031 1163 1642 1992 1568 1506 1630 1470 1915 1152 1787 1644 1084 1014 1414 1900 1123 1642 1495 1531 1201 1141 1597 1912 1999 1742 1526 1093 1106 1697 1437 1967 1660 1325 1242 1218 1894 1275 1972 1002 1250 1756 1130 1386 1957 1757 1679 1955 1332 1493 1136 1017 1071 1521 1479 1013 1268 1504 1618 1634 1974 1969 1115 1992 1203 1020 1196 1371 1331 1310 1416 BCNSPRNW ULIB Ver.6.0+V

เปลี่ยนเป็นภาษาไทย

Change to English
 แสดงรายละเอียดบรรณานุกรม
  กลับหน้าหลัก

Brief Record : Get Marc (ISO 2709) : E-mail record : QR code < ปิดหน้าต่าง
LEADER : 00000nam 2200000uu 4500
001    13399113879
003     ULIB
008    110320s||||||||th 000 0 tha d
099    วจ.BJ1533.H9^bร157ป
100 0  รวมพร มินานนท์
245 00 ประสิทธิผลโครงการจิตอาสาต่อการพัฒนาทักษะทางการพยาบาลของนักศึกษาพยาบาลวิทยาลัยพยาบาลราชชนนี เชียงใหม่/^cรวมพร มินานนท์,ณัฐปาลิน นิลเป็ง,ชญาณิศา เขมทัศน์,พรรณณิภา ต่อมดวงแก้ว และ อัญพัชญ์ วิวัฒกมลชัย
260    เชียงใหม่ :^bวิทยาลัยพยาบาลบรมราชชนนี เชียงใหม่,^c2552
300    44 หน้า :^bตาราง
500    รายงานการวิจัย
650  7 แผนที่ความคิด^xวิจัย
650  7 Mind Map^xวิจัย
650  7 การระดมสมอง^xวิจัย
650  7 การเรียนการสอน^xวิจัย
700 02 ณัฐปาลิน นิลเป็ง
700 02 ชญาณิศา เขมทัศน์
700 02 พรรณณิภา ต่อมดวงแก้ว
700 02 อัญพัชญ์ วิวัฒกมลชัย
710 2  วิทยาลัยพยาบาลบรมราชชนนี. ^bเชียงใหม่
945    ^p0^l0^i030939
995    ทศพร
999 ^a ใช้งานได้ทุกระบบ
รายการนี้ยังไม่มีแท็ก
คุณยังไม่ได้ล็อกอิน คุณสามารถมีกิจกรรมร่วมกับเว็บไซต์ได้ แต่ต้องล็อกอินก่อน ::
  ล็อกอิน

รายการสื่อสารสนเทศ

ลำดับที่ ประเภท เลขเรียก/บาร์โค้ด สถานที่ สถานะ
1. งานวิจัย
งานวิจัย
วจ.BJ1533.H9 ร157ป ฉ.1 
  Barcode: 030939
ห้องสมุดวิทยาเขตสวรรค์ประชารักษ์
►วิจัย
บนชั้น

รายการใกล้เคียง
    ผู้แต่ง [รวมพร มินานนท์]

BibComment


ยังไม่เคยถูกคอมเมนท์

คอมเมนท์ทรัพยากรรายการนี้
  คอมเมนท์: ประสิทธิผลโครงการ..


 Copyright 2026. Bcnsprnw @Library